| 000 | 00466nam a2200157Ia 4500 | ||
|---|---|---|---|
| 008 | 151021s9999 xx 000 0 und d | ||
| 020 | _a273686631 | ||
| 050 | _aHF5549.15.C66 2006 | ||
| 245 | _a_Contemporary Human Resource Management Text and Cases | ||
| 260 | _aLondon Prentice-Hall 2006 | ||
| 300 | _axvi,528p. | ||
| 500 | _aIncludes Index | ||
| 650 | _a_Human Resource Management | ||
| 700 | _a_Adrian Wilkinson | ||
| 980 | _a^d20110126 09:55:14^okilerai | ||
| 999 |
_c6430 _d6430 |
||